La estrategia en el panorama del negocio: texto y casos

保存先:
書誌詳細
主要な著者: Ghemawat, Pankaj (著者), Collis, David J (著者), Pisano, Gary P (著者), Rivkin, Jan W (著者)
フォーマット: 図書
言語:スペイン語
出版事項: Ciudad de México Addison-Wesley Longman 2000
主題:
タグ: タグ追加
タグなし, このレコードへの初めてのタグを付けませんか!

MARC

LEADER 00000cam a2200000 a 4500
001 UCL0116
003 CL-VaPUC
008 030620e20000000MX |||||||||||||||||spa|d
020 |a 9684444095 
082 0 4 |a 658.4012  |b GHE  |2 21 
100 |a Ghemawat, Pankaj  |e author  |9 522840 
700 0 |a Collis, David J  |e author  |9 476834 
700 0 |a Pisano, Gary P  |e author  |9 476835 
700 0 |a Rivkin, Jan W  |e author  |9 476836 
245 1 3 |a La estrategia en el panorama del negocio: texto y casos 
300 |a pág. irreg 
942 |c BK 
945 |d 20030620 00:00:00  |a cmena 
260 |a Ciudad de México  |b Addison-Wesley Longman  |c 2000 
650 0 |a Planificación estratégica   |9 259735 
650 0 |a Competencia  |9 269688 
650 7 |a PLANIFICACION Y CONTROL  |2 CL-VaPUC  |9 476837 
650 0 |a Administración de empresas   |9 260833 
583 |a last modification  |c 20160831 09:33:35  |k Rodrigo Vera 
999 |c 304142  |d 304140 
952 |0 0  |1 0  |4 0  |6 658_401200000000000_GHE_2000  |7 0  |8 A  |9 366007  |a BIBING  |b BIBING  |d 2019-11-21  |i 3914151  |o 658.4012 GHE 2000  |p 3914151  |r 2025-01-20  |w 2019-11-21  |y BK  |k TRA 
952 |0 0  |1 0  |4 0  |6 658_401200000000000_GHE_2000  |7 0  |8 A  |9 366008  |a BIBING  |b BIBING  |d 2019-11-21  |i 391416K  |o 658.4012 GHE 2000  |p 391416K  |r 2025-01-20  |w 2019-11-21  |y BK  |k TRA 
952 |0 0  |1 0  |4 0  |6 658_401200000000000_GHE_2000  |7 0  |8 A  |9 366009  |a BIBENE  |b BIBENE  |d 2019-11-21  |i 3916332  |o 658.4012 GHE 2000  |p 3916332  |r 2025-01-15  |w 2019-11-21  |y BK  |k ICO 
952 |0 0  |1 0  |4 0  |6 658_401200000000000_GHE_2000  |7 0  |8 A  |9 366010  |a BIBGIM  |b BIBGIM  |d 2019-11-21  |i 4079922  |o 658.4012 GHE 2000  |p 4079922  |r 2025-01-15  |w 2019-11-21  |y BK  |k COM 
952 |0 0  |1 0  |4 0  |6 658_401200000000000_GHE_2000  |7 0  |8 A  |9 366011  |a BIBGIM  |b BIBGIM  |d 2019-11-21  |i 4079914  |o 658.4012 GHE 2000  |p 4079914  |r 2025-01-15  |w 2019-11-21  |y BK  |k COM 
952 |0 0  |1 0  |4 0  |6 658_401200000000000_GHE_2000  |7 0  |8 A  |9 366012  |a BIBENE  |b BIBENE  |d 2019-11-21  |i 4244680  |o 658.4012 GHE 2000  |p 4244680  |r 2025-01-15  |w 2019-11-21  |y BK  |k ICO 
952 |0 0  |1 0  |4 0  |6 658_401200000000000_GHE_2000  |7 0  |8 A  |9 366013  |a BIBENE  |b BIBENE  |d 2019-11-21  |i 444521K  |o 658.4012 GHE 2000  |p 444521K  |r 2025-01-15  |w 2019-11-21  |y BK  |k ICO